00856 2200301 4500001002100000005001500021035002000036007000300056008004100059100001500100245008400115250001100199300004100210504002900251020002200280082001000302084001600312090002100328260003200349500003300381600001400414700002800428850001000456990002200466990002200488990002200510990002200532INLIS00000000000294620260530014735 a0010-1120000024ta260530 0 0 aIBM Wiyasa1 aAkuntansi Manajemen :bHotel dan Restoran /cIBM Wiyasa;editor, Sigit suyantoro a--Ed.2 axviii,294 hlm :bilus. ;c19 x 23 cm aBibliografi, hlm 289-291 a978-979-29-4290-3 a657.2 a657.2 IBM a a657.2 IBM a 22-3 a--Yogyakarta :bAndi,c2014 aTentang Penulis hlm; 293-294 4aManajemen0 aeditor, Sigit suyantoro aPUPAD a27.568/P/DPK/2018 a27.567/P/DPK/2018 a27.570/P/DPK/2018 a27.569/P/DPK/2018